000 00686nam a2200289Ia 4500
005 20260324122823.0
008 008 260324s9999 xx 000 0 eng d
020 _a9780203833407
037 _aEBOOK
040 _aCRL
040 _beng
040 _cCRL
041 _2eng
041 _aeng
084 _qCRL
100 _aRichard M. Zeitner
_91167943
245 0 _aSelf Within Marriage
245 4 _bThe Foundation for Lasting Relationships
260 _bTaylor and Francis
260 _c2012
365 _a
365 _b99.99
856 _uhttp://www.taylorfrancis.com/books/9780203833407
942 _cEBOOK
999 _c1760967
_d1760967